000 00607nam a2200205Ia 4500
001 13745
003 GE_BSU
008 181216s||||||||xx |||||||||||||| ||und||
040 _cGE_BSU
080 _a94(55)
100 _aჭელიძე,ამბაკო
245 _aექვსი წელი სპარსეთში
245 _cრედ.კ.ტაბატაძე
260 _aთბილისი
260 _bმეცნიერება
260 _c1964
300 _a130გვ.21სმ.
653 _aექვსი წელი სპარსეთში
942 _cBK
999 _c46892
_d46892